00455nam a2200157Ia 4500003000900000008004100009020002200050040001600072080001300088100002200101245009500123260003500218300001000253650001600263650001800279IN-BaIIA211028s9999 xx 000 0 eng d a978-1-84115-580-7 cIIA Library a511bDUS adu Sautoy, Marcus 4aThe Music of the primesbwhy an unsolved problems in mathematics matterscMarcus du Sautoy aLondonbHarper Perennialc2004 a335p. aMathematics aPrime numbers